000 00780nam a22002177a 4500
003 ITZ
005 20230626111659.0
008 230626b |||||||| |||| 00| 0 spa d
020 _a978-607-00-7882-8
035 _a17456
041 _aspa
050 _aHF5548.8
_bG87 2013
082 _a658.406
_bG983p 2013
100 1 _aGutiérrez Torres, Víctor Manuel
245 _aPrincipios de la felicidad organizacional:
_bEl bienser, una revolucionaria metodología para reinterpretar la felicidad. /
_cVíctor Manuel Gutiérrez Torres.
250 _a1
260 _aMéxico:
_bGranica,
_c2013.
300 _a282 p. /
_c22 cm.
650 _a1. PSICOLOGÍA INDUSTRIAL. / 2. CAMBIO ORGANIZACIONAL. / 3. EFECTIVIDAD ORGANIZACIONAL. / 4. AUTORREALIZACIÓN (PSICOLOGÍA)
942 _cBK
999 _c29082
_d29082